000 00227nam a22000857a 4500
008 160702b xxu||||| |||| 00| 0 eng d
100 _91771
_a Nayak, A.K., et al
245 _aEducational Psychology
260 _aNew Delhi
_bA.P.H
_c2004
999 _c1475
_d1475